00688nam a2200229 a 4500001001300000003000900013005001700022008004100039020002400080082001600104100002000120245002500140260005000165300000900215500003500224650002800259700002000287902000800307942000700315952011900322999001700441nice12345678IN_TiNIC20260116014031.0100108s2009 cama grp 000 0 eng  a0521695597 c164000a190.20bOHE aO`Hear, Anthony aPolitical Philosophy aCambridge bCambridge University Press c2009 a246p aincludes index and biblioraphy aPolitics and Philosophy1 aO`Hear, Anthony bSRS cBK 001040708StackRoom-aHMIbHMId2010-01-08g1640.00l0o190.20 OHEp023062r2010-01-08v1640.00w2010-01-08yBK c13592d13592